Κατάλογος Βιβλιοθηκών Mediterranean College

Διεθνής Οικονομική / Θεωρία και Πολιτική: Δεύτερος Τόμος (Record no. 6214)

MARC details
000 -LEADER
fixed length control field 02440cam a22002174a 4500
005 - ΗΜΕΡΟΜΗΝΙΑ ΚΑΙ ΩΡΑ ΤΕΛΕΥΤΑΙΑΣ ΕΝΗΜΕΡΩΣΗΣ
Πεδίο ελέγχου 20250605164236.0
008 - FIXED-LENGTH DATA ELEMENTS--GENERAL INFORMATION
Πεδίο ελέγχου σταθερού μήκους 250528s ||||||||||||||||||||||||d
035 ## - SYSTEM CONTROL NUMBER
System control number 21146
020 ## - ISBN
ISBN 9789602182734
040 ## - ΠΗΓΗ ΚΑΤΑΛΟΓΟΓΡΑΦΗΣΗΣ
Φορέας πρωτότυπης καταλογογράφησης MC Athens Campus Library
Γλώσσα καταλογογράφησης Ελληνικά, Μοντέρνα (1453-)
Modifying agency MC Athens Campus Library
Κανόνες περιγραφικής καταλογογράφησης AACR2
245 1# - ΤΙΤΛΟΣ ΚΑΙ ΔΗΛΩΣΗ ΥΠΕΥΘΥΝΟΤΗΤΑΣ
Τίτλος Διεθνής Οικονομική / Θεωρία και Πολιτική: Δεύτερος Τόμος
250 ## - EDITION STATEMENT
Edition statement
260 ## - PUBLICATION, DISTRIBUTION, ETC.
Name of publisher, distributor, etc. Κριτική - Επιστημονική Βιβλιοθήκη,
Date of publication, distribution, etc. 2003
300 ## - PHYSICAL DESCRIPTION
Extent 600
520 ## - SUMMARY, ETC.
Summary, etc. Το πιο διαδεδομένο σύγγραμμα που χρησιμοποιείται στο μάθημα των διεθνών οικονομικών σχέσεων και του διεθνούς εμπορίου. Μακροοικονομική των Συναλλαγματικών Ισοτιμιών και της Ανοικτής Οικονομίας, Εθνικολογιστικά Μεγέθη και Ισοζύγιο Πληρωμών, Συναλλαγματικές Ισοτιμίες και Αγορά Συναλλάγματος, Χρλημα και Επιτόκια και Συναλλαγματικές Ισοτιμίες, Τιμές και Συναλλαγματική Ισοτιμία μακροχρόνια, Το Προϊον και η Συναλλαγματική Ισοτιμία Βραχυχρόνια, Σταθερές Συναλλαγματικές Ισοτιμίες και Παρέμβαση στην Αγορά Ξένου Συναλλάγματος, Διεθνής Μακροοικονομική Πολιτική, Το Διεθνές Νομισματικό Σύστημα - 1870-1973, Μακροοικονομική Πολιτική και Συντονισμός σε Καθεστώς Κυμαινόμενων Ισοτιμιών, Οι Άριστες Νομισματικές Περιοχές και η Ευρωπαϊκή Εμπειρία, Η Διεθνής Κεφαλαιαγορά: Επιδόσεις και Ζητήματα Πολιτικής, Αν απτυσσόμενες Χώρες: Οικονομική Μεγέθυνση και Κρίσεις και Μεταρρύθμιση, Μαθηματικά Προσαρτήματα, Αποφυγή του Κινδύνου και Διαφοροποίηση του Διεθνούς Χαρτοφυλακίου, Ευρετήριο.
700 1# - ΠΡΟΣΘΕΤΗ ΑΝΑΓΡΑΦΗ--ΦΥΣΙΚΟ ΠΡΟΣΩΠΟ
Personal name Krugman Paul
9 (RLIN) 2735
700 1# - ΠΡΟΣΘΕΤΗ ΑΝΑΓΡΑΦΗ--ΦΥΣΙΚΟ ΠΡΟΣΩΠΟ
Personal name Obstfeld Maurice
9 (RLIN) 2736
942 ## - ADDED ENTRY ELEMENTS (KOHA)
Koha item type Books
Holdings
Τύπος τεκμηρίου Βιβλιοθήκη Τρέχουσα τοποθεσία Barcode Αριθμός εισαγωγής Ημερομηνία απόκτησης Ταξιθετικό σύμβολο Αριθμός αντιτύπου Κατάσταση απόσυρσης Κατάσταση χαμένου Κατάσταση κατεστραμμένου Μη δανεισμός Σύνολο δανεισμών Ημερομηνία τελευταίας εμφάνισης Η τιμή ισχύει από
Books MC Athens Campus Library MC Athens Campus Library 9780000062130 2980 05/06/2025 337 KRU V.B 2           05/06/2025 05/06/2025

MC Athens Campus Library
Πατησίων 94 & Κοδριγκτώνος 13, 104 34
Πελλήνης 8 & Πατησίων 107, 112 51
Τ: +30 210 8899600

MC Thessaloniki Campus Library
Ίωνος Δραγούμη 21, 54625 | Ίωνος Δραγούμη 15, 54625
Τ: +30 2310 287779 – Τ: +30 2314 440300